000 00550nam a2200193Ia 4500
003 LDD
008 181029s9999 xx 000 0 und d
020 _a8181500164
_c1500.00
040 _cLDD
100 _aGill, R. S.
245 0 _aRagamala Painting
_ba journey from music to art
_cR. S. Gill
260 _aNew Delhi
_bAravali
_c2006
300 _a171p.
365 _b1500.00
901 _a9629
_b15-12-2012
902 _aIN1165
_b20-12-2012
_cF
_dSELECT
_ePVA
903 _aDiscount-15
_bReqst by : Lakshaman Prasad
942 _2ddc
_cBK
999 _c105531
_d105531